Timber bucks the trend (Record no. 80572)
[ view plain ]
| 000 -LEADER | |
|---|---|
| fixed length control field | 00903cab a22001935a 4500 |
| 001 - CONTROL NUMBER | |
| control field | L144750 |
| 008 - FIXED-LENGTH DATA ELEMENTS--GENERAL INFORMATION | |
| fixed length control field | 080807e20080611xxko f s 000 0 eng d |
| 035 ## - SYSTEM CONTROL NUMBER | |
| System control number | (Sirsi) u144750 |
| 041 0# - LANGUAGE CODE | |
| Language code of text/sound track or separate title | eng |
| 100 1# - MAIN ENTRY--PERSONAL NAME | |
| Personal name | Howard, Paul |
| 245 00 - TITLE STATEMENT | |
| Title | Timber bucks the trend |
| 260 ## - PUBLICATION, DISTRIBUTION, ETC. | |
| Date of publication, distribution, etc. | 2008 |
| 490 ## - SERIES STATEMENT | |
| Series statement | Contract Journal |
| Volume/sequential designation | 443(6679) 11 June 2008, 19-29(5) |
| 520 ## - SUMMARY, ETC. | |
| Summary, etc. | Article states that the market for timber-framed structures is rising, illustrated by a 3.3% rise in demand last year (compared to a 4.4% drop across the overall market). Timber-frame houses now account for over 22% of all houses built in the UK last year. Discusses the benefits of offsite fabrication and the stringent legislation laid down by the Code for Sustainable Homes. |
| 650 24 - SUBJECT ADDED ENTRY--TOPICAL TERM | |
| Topical term or geographic name entry element | CODE FOR SUSTAINABLE HOMES |
| 651 #4 - SUBJECT ADDED ENTRY--GEOGRAPHIC NAME | |
| Geographic name | United Kingdom |
| Chronological subdivision | |
| 690 ## - LOCAL SUBJECT ADDED ENTRY--TOPICAL TERM (OCLC, RLIN) | |
| Topical term or geographic name as entry element | PROPERTY-RESIDENTIAL PROPERTY-RESIDENTIAL PROPERTY DEVELOPMENT |
| 942 ## - ADDED ENTRY ELEMENTS (KOHA) | |
| Suppress in OPAC | 0 |
| Withdrawn status | Lost status | Source of classification or shelving scheme | Damaged status | Not for loan | Home library | Current library | Shelving location | Date acquired | Total Checkouts | Full call number | Barcode | Date last seen | Copy number | Price effective from | Koha item type |
|---|---|---|---|---|---|---|---|---|---|---|---|---|---|---|---|
| Dewey Decimal Classification | London | London | Journal article | 07/08/2008 | L144750 | 144750-1001 | 06/08/2019 | 1 | 06/08/2019 | Journal article |